ბათუმის შოთა რუსთაველის სახელმწიფო უნივერსიტეტის ბიბლიოთეკა

ომაინიანი (ბიბ.ჩანაწერი № 43695)

000 -LEADER
fixed length control field 00849nam a2200217Ia 4500
001 - CONTROL NUMBER
control field 10435
003 - CONTROL NUMBER IDENTIFIER
control field GE_BSU
008 - FIXED-LENGTH DATA ELEMENTS--GENERAL INFORMATION
fixed length control field 181216s||||||||xx |||||||||||||| ||und||
040 ## - CATALOGING SOURCE
Transcribing agency GE_BSU
100 ## - MAIN ENTRY--PERSONAL NAME
Personal name ქაიხოსრო
245 ## - TITLE STATEMENT
Title ომაინიანი
245 ## - TITLE STATEMENT
Remainder of title ვეფხის-ტყაოსნის გაგრძელება რომანი მე-17 საუკუნისა
245 ## - TITLE STATEMENT
Statement of responsibility, etc. რედ:გ.ჯაკობია.
260 ## - PUBLICATION, DISTRIBUTION, ETC.
Place of publication, distribution, etc. ტფილისი.
260 ## - PUBLICATION, DISTRIBUTION, ETC.
Name of publisher, distributor, etc. ფედერაცია
260 ## - PUBLICATION, DISTRIBUTION, ETC.
Date of publication, distribution, etc. 1937
300 ## - PHYSICAL DESCRIPTION
Extent 151გვ;22სმ.
300 ## - PHYSICAL DESCRIPTION
Accompanying material საძიებელი გვ:136-150.
653 ## - INDEX TERM--UNCONTROLLED
Uncontrolled term ომაინიანი:ვეფხის-ტყაოსნის გაგრძელება რომანი მე-17 საუკუნისა
942 ## - ADDED ENTRY ELEMENTS (KOHA)
Koha item type წიგნი
ეგზემპლარები
Withdrawn status Lost status Damaged status Not for loan Date acquired Barcode Date last seen Price effective from Koha item type
        2018-12-17 34166 2018-12-17 2018-12-17 წიგნი
        2018-12-17 34167 2018-12-17 2018-12-17 წიგნი
        2018-12-17 34168 2018-12-17 2018-12-17 წიგნი
        2018-12-17 34169 2018-12-17 2018-12-17 წიგნი
        2018-12-17 34170 2018-12-17 2018-12-17 წიგნი
        2018-12-17 34171 2018-12-17 2018-12-17 წიგნი